[Event "London Classic rapid op 7th"]
[Site "London"]
[Date "2015.12.12"]
[Round "2"]
[White "Spearman, David"]
[Black "Grigoriants, Sergey"]
[Result "0-1"]
[WhiteElo "2033"]
[BlackElo "2603"]
[PlyCount "62"]
[EventDate "2015.12.12"]
[EventType "swiss (rapid)"]
[EventRounds "10"]
[EventCountry "ENG"]
[SourceTitle "CBM 169 Extra"]
[Source "ChessBase"]
[SourceDate "2015.12.18"]
[SourceVersion "1"]
[SourceVersionDate "2015.12.18"]
[SourceQuality "1"]

1. d4 Nf6 2. c3 g6 3. Bg5 Bg7 4. Nd2 d5 5. e3 0-0 6. Bd3 c5 7. f4 Qb6 8. Rb1 Nc6 9. Ngf3 Ng4 10. Qe2 f6 11. Bh4 e5 12. fxe5 fxe5 13. dxe5 c4 14. Nxc4 dxc4 15. Bxc4+ Kh8 16. Bf2 Nxf2 17. Kxf2 Nxe5 18. h3 Bf5 19. Rbe1 Be4 20. b3 Nxf3 21. gxf3 Rxf3+ 22. Qxf3 Bxf3 23. Kxf3 Bxc3 24. Rd1 Re8 25. Rd3 Bd2 26. e4 Qf6+ 27. Ke2 Rxe4+ 28. Kxd2 Qb2+ 29. Kd1 Qe2+ 30. Kc1 Rxc4+ 31. bxc4 Qxd3 0-1

[Event "BCF-chT4a 0405 (4NCL)"]
[Site "Telford"]
[Date "2005.05.30"]
[Round "11.3"]
[White "Spearman, David"]
[Black "Terry, Sean"]
[Result "1-0"]
[WhiteElo "2030"]
[BlackElo "2015"]
[PlyCount "47"]
[EventDate "2004.11.06"]
[EventType "team-tourn"]
[EventRounds "11"]
[EventCountry "ENG"]
[SourceTitle "EXT 2006"]
[Source "ChessBase"]
[SourceDate "2005.11.24"]
[SourceVersion "1"]
[SourceVersionDate "2005.11.24"]
[SourceQuality "1"]
[WhiteTeam "Hilsmark Kingfisher III"]
[BlackTeam "Oxford II"]
[WhiteTeamCountry "ENG"]
[BlackTeamCountry "ENG"]

1. d4 a6 2. e4 d6 3. Bd3 h6 4. f4 b5 5. c3 Bb7 6. Nf3 Nd7 7. 0-0 Ngf6 8. e5 Ne4 9. Qe2 d5 10. f5 c5 11. e6 fxe6 12. fxe6 Ndf6 13. dxc5 Qc8 14. Nd4 Qxc5 15. Be3 Qc7 16. a4 bxa4 17. Rxa4 Qd6 18. Rb4 Bc8 19. Bf4 Qc5 20. Kh1 g5 21. Be5 a5 22. Bb5+ Kd8 23. Nc6+ Ke8 24. Rxe4 1-0

[Event "BCF-chT4a 0405 (4NCL)"]
[Site "Telford"]
[Date "2005.02.27"]
[Round "6.2"]
[White "Spearman, David"]
[Black "Cooksey, Shane"]
[Result "1-0"]
[WhiteElo "2030"]
[BlackElo "1720"]
[PlyCount "55"]
[EventDate "2004.11.06"]
[EventType "team-tourn"]
[EventRounds "11"]
[EventCountry "ENG"]
[SourceTitle "EXT 2006"]
[Source "ChessBase"]
[SourceDate "2005.11.24"]
[SourceVersion "1"]
[SourceVersionDate "2005.11.24"]
[SourceQuality "1"]
[WhiteTeam "Hilsmark Kingfisher III"]
[BlackTeam "The ADS"]
[WhiteTeamCountry "ENG"]
[BlackTeamCountry "ENG"]

1. d4 d5 2. Nf3 Nf6 3. Bg5 h6 4. Bh4 Bf5 5. e3 Nbd7 6. Nbd2 e6 7. Be2 Be7 8. 0-0 Bd6 9. c4 g5 10. Bg3 Bxg3 11. hxg3 c6 12. b4 Qc7 13. Qb3 Be4 14. Rfc1 a6 15. a4 0-0 16. Qc3 Bxf3 17. gxf3 Nh5 18. Kg2 f5 19. Rh1 Ndf6 20. Rh3 g4 21. Rh4 Qf7 22. Rah1 Kg7 23. Qc1 dxc4 24. Nxc4 Qg6 25. Ne5 gxf3+ 26. Bxf3 Qg5 27. Bxh5 Nxh5 28. Rxh5 1-0